Piłka nożna - quiz dla prawdziwych kibiców 2026/27 4 - Statystyki

Ogólne statystyki
  • Ten quiz został rozwiązany 167 razy
  • Średni wynik to 8 z 15
Statystyki odpowiedzi
Pytanie Odpowiedź Podpowiedź % Poprawnych
Jakiego klubu David Beckhamjest współwłaścicielem? Inter Miami CF/Salford City FC Jeden klub z USADrugi klub z Anglii
92%
Dla jakiej reprezentacji gra zawodnikAthletic Bilbao, Iñaki Williams? (19.12.2025) Ghana Dla tej reprezentacji grają bracia Ayew, Afryka
75%
Który klub wygrał najwięcej razy ligę Saudi Pro League? (Arabia Saudyjska) Al-Hilal SFC Neymar, Koulibaly, Milinković-Savić
64%
Z jakiego klubu Vinícius Júnior przychodził do Realu Madryt? CR Flamengo Barwy: Czerwono-czarne
64%
Która Europejska reprezentacja debiutowała w MŚ na MŚ 2018 w Rosji? Islandia Jest tam zimno
64%
Z jakim klubem Olympiakos Pireus wygrał w finale Ligi Konferencji w sezonie 23/24? ACF Fiorentina Pizza, Makaron, Lazania
61%
W którym roku Borussia Dortmund ostatnio wygrała Bundesligę? 2012 -----------------------
60%
Jaki zawodnik został MVP całego turnieju na Euro 2020? Gianluigi Donnarumma Ma 1,96 m wzrostu
56%
Jakie zwierze widnieje na herbie Brentford F.C.? Pszczoła Owad
55%
W jakim kraju David Villa zakończył piłkarskąkarierę? Japonia W tym kraju grał równierz Andrés Iniesta
51%
Byłem trenerem tych klubów. Kim jestem?Juventus, Karagümrük, UC Sampdoria Andrea Pirlo Legendarny włoski pomocnik
49%
Do jakiego klubu mógł trafić Robert Lewandowski w 2010r.? Blackburn Rovers F.C. Mistrz Angli w 1995r.
44%
Z jakiego klubu wywodzi się Enzo Fernández? River Plate Superclásico
39%
Jakiego sponsora miała FC Barcelona w 2015 kiedy wygrała LM? Qatar Airways Linie lotnicze
36%
Grałem w tych klubach. Kim jestem?Bayernie Monachium, Bologna FC, Manchesterze United. Joshua Zirkzee Jestem z Holandii.
30%
Nie znaleziono quizów pasujących do podanych kryteriów
Rozkład punktacji
Procent ludzi z każdym wynikiem
Percentyl według liczby udzielonych odpowiedzi
Twoja historia wyników
Nie rozwiązałeś tego quizu